• 首页
  • 本馆介绍
  • 公告通知
  • 最新文献
  • 馆藏检索
  • 电子资源
  • 读者导购
  • 参考咨询
  • 我的图书馆
  • 登录
  • 详细信息显示
  • 放入我的书架
  • 预约/预借图书
  • 作者相关作品
  • 分类相关作品
  • 丛书相关作品
  • 出版社相关作品

书目信息

  • 表格格式
  • 工作单格式
  • 卡片格式
题名:
实变函数
    
 
作者: 胡适耕 编著
分册:  
出版信息: 北京   高等教育出版社  1999
页数: 211页
开本: 20cm
丛书名: 基础数学丛书
单 册:
中图分类: O174.1
科图分类:
主题词: 实变函数
电子资源:
ISBN: 7-04-007314-5
000 00601nam2 2200217 45
001 0106201562
005 20041125153422.8
010    @a7-04-007314-5@dCNY15.00
100    @a20010620d1999 km y0chiy0120 ea
101 0  @achi
105    @a z 000yy
200 1  @a实变函数@AShi Bian Han Shu@f胡适耕编著@FHu Shi Geng Bian Zhu
210    @a北京@c高等教育出版社@a海德堡@c施普林格出版社@d1999
215    @a211页@d20cm
225    @a基础数学丛书
410    @12001 @a基础数学丛书
606 0  @a实变函数
690    @aO174.1@v4
701    @a胡适耕@4编著
801    @aCN@bTSTC@c20010620
905    @dO174.1@e106
    
    实变函数/胡适耕编著.-北京:高等教育出版社;海德堡:施普林格出版社,1999
    211页;20cm.-(基础数学丛书)
    
    
    ISBN 7-04-007314-5:CNY15.00
    
●
相关链接 在E读中查询图书 在五车中查询图书 在当当中查询图书 在豆瓣中查询图书


正题名:实变函数     索取号:O174.1/106         预约/预借

序号 登录号 条形码 馆藏地/架位号 状态 备注
1 0298569   202985699   第三借阅区/ [索取号:O174.1/106] 在馆    
2 0298570   202985706   第三借阅区/ [索取号:O174.1/106] 在馆    
3 0298571   202985715   第二样本阅览室/ [索取号:O174.1/106] 在馆    
4 0300210   203002106   第三借阅区/ [索取号:O174.1/106] 在馆    
5 0300211   203002115   第三借阅区/ [索取号:O174.1/106] 在馆    
6 0300212   203002124   第三借阅区/ [索取号:O174.1/106] 在馆    
7 0300213   203002133   第三借阅区/ [索取号:O174.1/106] 在馆    
8 0300214   203002142   第三借阅区/ [索取号:O174.1/106] 在馆    
9 0357271   3572716   第三借阅区/ [索取号:O174.1/106] 在馆    
10 0357272   3572725   第三借阅区/ [索取号:O174.1/106] 在馆    
11 0357273   3572734   第三借阅区/ [索取号:O174.1/106] 在馆    
唐山师范学院图书馆 欢迎您!
大连网信软件有限公司© 版权所有